| 000 | 00705cam a22002293a 4500 | ||
|---|---|---|---|
| 001 | 22228 | ||
| 003 | PGUSA | ||
| 005 | 20140828083455.0 | ||
| 008 | 070803s2007||||xxu|||||s|||||000 | eng d | ||
| 040 |
_aPGUSA _beng |
||
| 042 | _adc | ||
| 050 | 4 | _aPM | |
| 100 | 1 |
_aGibbs, George, _d1815-1873 |
|
| 245 | 1 | 0 |
_aAlphabetical Vocabularies of the Clallum and Lummi _h[electronic resource] / _cGeorge Gibbs |
| 260 |
_bProject Gutenberg, _c2007 |
||
| 506 | _aPublic domain in the USA. | ||
| 516 | _aElectronic text | ||
| 653 | _aIndians of North America -- Languages -- Glossaries, vocabularies, etc. | ||
| 830 | 0 |
_aProject Gutenberg _v22228 |
|
| 856 | 4 | 0 | _uhttp://www.gutenberg.org/ebooks/22228 |
| 942 | _cEB | ||
| 999 |
_c251483 _d251483 |
||